Online katalóg knižníc regiónu Turca

Odviate vetrom (Record no. 22509)

MARC details
000 -LEADER
fixed length control field 01392cam a2200421 a 4500
001 - CONTROL NUMBER
control field 22509
003 - CONTROL NUMBER IDENTIFIER
control field SK-KTurca
005 - DATE AND TIME OF LATEST TRANSACTION
control field 20260330152435.0
008 - FIXED-LENGTH DATA ELEMENTS--GENERAL INFORMATION
fixed length control field 240226s1991 xo gr 000 f slo
015 ## - NATIONAL BIBLIOGRAPHY NUMBER
National bibliography number SNBA1991/03
020 ## - INTERNATIONAL STANDARD BOOK NUMBER
International Standard Book Number 8022002321
Qualifying information (viazané)
035 ## - SYSTEM CONTROL NUMBER
System control number SNK000006640
040 ## - CATALOGING SOURCE
Original cataloging agency SNK
Language of cataloging slo
Transcribing agency SNK
Description conventions AACR2
041 1# - LANGUAGE CODE
Language code of text/sound track or separate title slo
Language code of original eng
043 ## - GEOGRAPHIC AREA CODE
Geographic area code n-us---
044 ## - COUNTRY OF PUBLISHING/PRODUCING ENTITY CODE
MARC country code xo
ISO country code SK
072 #7 - SUBJECT CATEGORY CODE
Subject category code 821.111(73)-3
Subject category code subdivision Americká próza
Source konspekt
080 ## - UNIVERSAL DECIMAL CLASSIFICATION NUMBER
Universal Decimal Classification number 820 (73)-3
Edition identifier 1981
080 ## - UNIVERSAL DECIMAL CLASSIFICATION NUMBER
Universal Decimal Classification number 94(73)"1861/1865"
Edition identifier 2011
080 ## - UNIVERSAL DECIMAL CLASSIFICATION NUMBER
Universal Decimal Classification number 355.483(73)"1861/1865"
Edition identifier 2011
080 ## - UNIVERSAL DECIMAL CLASSIFICATION NUMBER
Universal Decimal Classification number 821.111(73)-31
Edition identifier 2011
080 ## - UNIVERSAL DECIMAL CLASSIFICATION NUMBER
Universal Decimal Classification number (0:82-311.6)
Edition identifier 2011
080 ## - UNIVERSAL DECIMAL CLASSIFICATION NUMBER
Universal Decimal Classification number 94(73)
Edition identifier 2011
100 1# - MAIN ENTRY--PERSONAL NAME
Personal name Mitchell, Margaret,
Dates associated with a name 1900-1949
Relationship aut
240 10 - UNIFORM TITLE
Uniform title Gone with the wind
Language of a work Slovensky
245 10 - TITLE STATEMENT
Title Odviate vetrom
Remainder of title Juh proti Severu
Number of part/section of a work 1
Statement of responsibility, etc. Margaret Mitchellová ; [z amerického originálu Gone with the wind ... preložil Jozef Šimo]
246 30 - VARYING FORM OF TITLE
Title proper/short title Juh proti Severu
250 ## - EDITION STATEMENT
Edition statement 5. vyd.
260 ## - PUBLICATION, DISTRIBUTION, ETC.
Place of publication, distribution, etc. Bratislava
Name of publisher, distributor, etc. Slovenský spisovateľ
Date of publication, distribution, etc. 1991
Place of manufacture Bratislava
Manufacturer Danubiaprint
300 ## - PHYSICAL DESCRIPTION
Extent 522 strán
Dimensions 21 cm
500 ## - GENERAL NOTE
General note Mimo edície
650 07 - SUBJECT ADDED ENTRY--TOPICAL TERM
Topical term or geographic name entry element americká občianska vojna (1861-1865)
Source of heading or term SNKPH
651 #7 - SUBJECT ADDED ENTRY--GEOGRAPHIC NAME
Geographic name Spojené štáty americké
General subdivision dejiny
Source of heading or term SNKPHgeo
655 #7 - INDEX TERM--GENRE/FORM
Genre/form data or focus term americké romány
Source of term SNKPH
655 #7 - INDEX TERM--GENRE/FORM
Genre/form data or focus term historické romány
Source of term SNKPH
700 1# - ADDED ENTRY--PERSONAL NAME
Personal name Šimo, Jozef,
Dates associated with a name 1909-1984
Relationship trl
942 ## - ADDED ENTRY ELEMENTS (KOHA)
Source of classification or shelving scheme Dewey Decimal Classification
Koha item type Krásna literatúra pre dospelých
Suppress in OPAC No
Holdings
Stav vyradenia Strata Poškodenie Spôsob nadobudnutia Domovská knižnica Aktuálna knižnica Dátum nadobudnutia Total checkouts Čiarový kód exemplára Date last seen Typ exemplára
      Dar Obecná knižnica Horná Štubňa Obecná knižnica Horná Štubňa 30.03.2026   4736202061 30.03.2026 Krásna literatúra pre dospelých
Projekt je podporený Slovenskou asociáciou knižníc
Prevádzkuje Turčianska knižnica Martin 2026